000 00459nam a2200157 4500
001 127943
003 ES-MaACL
005 20230906193126.0
007 t|
008 070214s1920 ag r ||||1| spa d
100 1 _aRivero Astengo, Agustín P.
_997691
245 1 0 _aAnfora llena
_b: (versos) /
_cAgustín P. Rivero Astengo.
260 _aBuenos Aires :
_b[s. n.],
_c1920 (
_fImp. Mercatali)
300 _a40 h. ;
_c19 x 12 cm.
852 _aES-MaACL
_jF-10107
999 _c127943
_d127943